000 00975nam a2200301 i 4500
003 EG-GICUC
005 20260509130958.0
008 260509s1932 fr ||||f |||| 00| 0 fre d
040 _bfre
_cEG-GICUC
_erda
_a EG-GICUC
_d EG-GICUC
041 0 _afre
082 _221
_a341.33
_bHE. I
092 0 4 _221
099 _aLaw1 11 341.33 HE. I 1932
100 1 _aHeddaya, Mohamed Abd El Salam
_eAuteur
245 1 4 _aLes Immunités des Agents Diplomatiques /
_cMohamed Abd El Salam Heddaya.
264 1 _aLYON:
_bBosc Frères, M. Et L. Riou،
_c1932.
300 _a169 صفحة ؛
_c24 سم .
336 _2rda content
_atext
337 _2rda media
_aComputer
338 _2rda carrier
_aOnline Resource
546 _aTexte en français
650 1 _aDroit international public
_2qrmak
650 1 _a Immunités des Agents
_2qrmak
651 1 _2qrmak
856 4 0 _uhttps://fll.law.cu.edu.eg/fulltext/bksB11-06922.pdf
905 _a75
_eYara
942 _2ddc
_cBK
_e21
_n0
999 _c76369
_d76369